Statystyki dla Flagi bez koloru czerwonego

Kliknij tutaj aby rozwiązać quiz!

Ogólne statystyki

  • Ten quiz został rozwiązany 4 836 razy
    (1 357 od ostatniego zresetowania)
  • Średni wynik to 21 z 48

Statystyki odpowiedzi

Państwo% Poprawnych
Finlandia
78%
Szwecja
78%
Brazylia
75%
Ukraina
75%
Argentyna
74%
Irlandia
69%
Estonia
66%
Grecja
65%
Indie
60%
Watykan
60%
Arabia Saudyjska
57%
Kazachstan
57%
San Marino
54%
Urugwaj
53%
Niger
50%
Izrael
49%
Pakistan
48%
Jamajka
47%
Nigeria
47%
Bośnia i Hercegowina
45%
Cypr
45%
Kosowo
44%
Honduras
43%
Uzbekistan
42%
Somalia
41%
Wybrzeże Kości Słoniowej
41%
Nikaragua
37%
Salwador
37%
Gwatemala
36%
Turkmenistan
36%
Palau
35%
Bhutan
34%
Bahamy
32%
Botswana
32%
Mikronezja
30%
Sri Lanka
30%
Tanzania
30%
Wyspy Marshalla
30%
Barbados
29%
Lesotho
29%
Nauru
29%
Gabon
28%
Wyspy Salomona
28%
Brunei
27%
Saint Lucia
26%
Rwanda
25%
Sierra Leone
25%
Saint Vincent i Grenadyny
23%

Rozkład punktacji

Percentyl według liczby udzielonych odpowiedzi

Procent ludzi z każdym wynikiem

Twoja historia wyników

Nie rozwiązałeś tego quizu od ostatniego zresetowania